Incapacidad civil de los insanos mentales

Gorde:
Xehetasun bibliografikoak
Egile nagusia: Molinas, Alberto J. (autor)
Formatua: Liburua
Hizkuntza:gaztelania
Argitaratua: Buenos Aires EDIAR 1948
Gaiak:
Etiketak: Etiketa erantsi
Etiketarik gabe, Izan zaitez lehena erregistro honi etiketa jartzen!

MARC

LEADER 00000nam a2200000 a 4500
001 UCS1308
003 CL-VaPUC
008 970509e19480000AG |||||||||||||||||spa|d
082 0 4 |a 346.013  |b MOL  |2 21 
100 |a Molinas, Alberto J.  |e autor  |9 385654 
245 1 0 |a Incapacidad civil de los insanos mentales 
300 |a 2 v 
942 |c BK 
945 |d 19970509 00:00:00  |a paguirre 
260 |a Buenos Aires  |b EDIAR  |c 1948 
650 0 |a Derecho civil  |9 255013 
650 7 |a INCAPACES  |2 CL-VaPUC  |9 385602 
650 0 |a Enfermedades mentales   |9 310204 
650 0 |a Problemas sociales  |9 258537 
650 7 |a IMPEDIMENTOS  |2 CL-VaPUC  |9 257261 
650 0 |a Códigos  |9 352314 
651 0 |a Argentina  |9 254888 
583 |a last modification  |c 19970509 00:00:00  |k Rodrigo Vera 
999 |c 259405  |d 259403 
952 |0 0  |1 0  |4 0  |6 346_013000000000000_MOL_1948  |7 0  |8 P  |9 284122  |a BIBDER  |b BIBDER  |d 2019-11-19  |h v.1  |i 1843966  |o 346.013 MOL 1948  |p 1843966  |r 2023-01-25  |w 2019-11-19  |y BK  |k DER 
952 |0 0  |1 0  |4 0  |6 346_013000000000000_MOL_1948  |7 0  |8 P  |9 284123  |a BIBDER  |b BIBDER  |d 2019-11-19  |h v.2  |i 1843982  |o 346.013 MOL 1948  |p 1843982  |r 2023-01-25  |w 2019-11-19  |y BK  |k DER